Tilastot visalle Suomen 100 Suurinta Järveä

Klikkaa tästä pelataksesi tätä visaa!

Yleistilastot

  • Tätä visaa on pelattu 233 kertaa
  • Keskiarvotulos 18 / 100

Vastaustilastot

Järvi% Oikein
1Saimaa
97%
2Päijänne
87%
3Inarijärvi
83%
67Pyhäjärvi
(Kymenlaakso)
76%
38Pyhäjärvi
(Pyhäjärvi)
76%
68Pyhäjärvi
(Saarijärvi)
76%
29Pyhäjärvi
(Säkylä)
76%
39Pyhäjärvi
(Tampere)
76%
21Pyhäjärvi (Kitee)
76%
5Oulujärvi
69%
16Näsijärvi
66%
4Pielinen
57%
10Kallavesi
49%
9Keitele
46%
19Kemijärvi
43%
33Lappajärvi
43%
14Lokan tekojärvi
38%
44Vesijärvi
(Päijät-Häme)
38%
96Vesijärvi
(Pirkanmaa)
38%
32Porttipahdan
tekojärvi
27%
30Kivijärvi
(Kannonkoski)
25%
61Kivijärvi
(Luumäki)
25%
13Puula
25%
99Iijärvi (Inari)
24%
26Koitere
20%
7Orivesi
20%
11Puruvesi
20%
31Vanajavesi
20%
97Isojärvi
(Pomarkku)
19%
24Konnevesi
18%
6Pihlajavesi
18%
12Pyhäselkä
18%
8Haukivesi
17%
51Lohjanjärvi
17%
43Pielavesi
17%
17Yli-Kitka
14%
15Höytiäinen
13%
25Nilakka
13%
23Kiantajärvi
12%
98Kilpisjärvi –
Alajärvi
12%
36Längelmävesi
12%
42Mallasvesi –
Roine
12%
64Lestijärvi
9%
58Ruotsalainen
9%
27Iisvesi
8%
40Keurusselkä
7%
81Kuusamojärvi
7%
63Ruovesi
7%
18Suvasvesi
7%
80Ala-Kitka
6%
20Juojärvi
6%
65Leppävesi
6%
41Onkivesi
6%
84Rautavesi
(Hartola)
6%
50Simojärvi
6%
34Suontee
6%
55Syväri
6%
52Vuohijärvi
6%
90Ähtärinjärvi
5%
53Kermajärvi
5%
37Kyyvesi
5%
47Rehja –
Nuasjärvi
5%
49Simpelejärvi
5%
83Vaskivesi–
Visuvesi
5%
88Kukkia
4%
59Kuolimo
4%
48Kyrösjärvi
4%
28Juurusvesi –
Akonvesi
3%
100Kulovesi
3%
57Lentua
3%
62Muojärvi –
Kirpistö
3%
35Viinijärvi
3%
22Enonvesi
2%
79Konnivesi
2%
82Lammasjärvi
2%
92Lievestuoreenjärvi
2%
76Miekojärvi
2%
77Mutusjärvi
2%
60Niinivesi
2%
45Ontojärvi –
Nurmesjärvi
2%
85Pälkänevesi
2%
75Tarjanne
2%
56Unnukka
2%
72Ala-Suolijärvi–
Oivanjärvi
1%
86Alvajärvi
1%
46Kolima
1%
69Kynsivesi –
Leivonvesi
1%
91Nitsijärvi
1%
66Rikkavesi
1%
54Jääsjärvi
0%
93Koljonselkä
0%
87Kostonjärvi
0%
94Nuorajärvi
0%
89Palovesi–
Jäminginselkä
0%
78Ryökäsvesi-
Liekune
0%
74Sorsavesi
0%
70Suontienselkä –
Paasvesi
0%
73Vuokkijärvi
(Suomussalmi,
Ala-Vuokki)
0%
95Vuosjärvi
0%
71Vuotjärvi
0%

Tulosjakauma

Persentiili vastausten määrän mukaan

Jokaisen tuloksen saaneiden osuus

Tuloshistoriasi

Et ole pelannut tätä visaa